<?xml version="1.0" encoding="UTF-8"?>
<record
    xmlns:xsi="http://www.w3.org/2001/XMLSchema-instance"
    xsi:schemaLocation="http://www.loc.gov/MARC21/slim http://www.loc.gov/standards/marcxml/schema/MARC21slim.xsd"
    xmlns="http://www.loc.gov/MARC21/slim">

  <leader>00583    a2200181   4500</leader>
  <datafield tag="999" ind1=" " ind2=" ">
    <subfield code="c">188</subfield>
    <subfield code="d">188</subfield>
  </datafield>
  <controlfield tag="008">210415b           ||||| |||| 00| 0 eng d</controlfield>
  <datafield tag="020" ind1=" " ind2=" ">
    <subfield code="a">9780814438206</subfield>
  </datafield>
  <datafield tag="082" ind1="0" ind2="0">
    <subfield code="a">658.84</subfield>
    <subfield code="b">C7711</subfield>
  </datafield>
  <datafield tag="100" ind1=" " ind2=" ">
    <subfield code="a">Cook, Thomas A.</subfield>
    <subfield code="9">4949</subfield>
  </datafield>
  <datafield tag="245" ind1=" " ind2=" ">
    <subfield code="a">Mastering import and export management /</subfield>
  </datafield>
  <datafield tag="250" ind1=" " ind2=" ">
    <subfield code="a">3rd ed.</subfield>
  </datafield>
  <datafield tag="260" ind1=" " ind2=" ">
    <subfield code="a">New York:</subfield>
    <subfield code="b">AMACOM Books,</subfield>
    <subfield code="c">c2017.</subfield>
  </datafield>
  <datafield tag="300" ind1=" " ind2=" ">
    <subfield code="a">xii, 723 p.</subfield>
  </datafield>
  <datafield tag="504" ind1=" " ind2=" ">
    <subfield code="a">AMACOM, A division of Americal Management Association, I60I Broadway, New York</subfield>
  </datafield>
  <datafield tag="650" ind1=" " ind2="0">
    <subfield code="a">Exports Management</subfield>
  </datafield>
  <datafield tag="700" ind1=" " ind2=" ">
    <subfield code="9">4951</subfield>
    <subfield code="a">Raia, Kelly</subfield>
  </datafield>
  <datafield tag="942" ind1=" " ind2=" ">
    <subfield code="2">ddc</subfield>
    <subfield code="c">BK</subfield>
  </datafield>
  <datafield tag="952" ind1=" " ind2=" ">
    <subfield code="0">0</subfield>
    <subfield code="1">0</subfield>
    <subfield code="2">ddc</subfield>
    <subfield code="4">0</subfield>
    <subfield code="6">658_840000000000000_C7711</subfield>
    <subfield code="7">0</subfield>
    <subfield code="9">883</subfield>
    <subfield code="a">CL</subfield>
    <subfield code="b">CL</subfield>
    <subfield code="d">2019-09-16</subfield>
    <subfield code="e">Apex Book Services</subfield>
    <subfield code="g">5512.37</subfield>
    <subfield code="o">658.84 C7711</subfield>
    <subfield code="p">13387</subfield>
    <subfield code="r">2019-09-16</subfield>
    <subfield code="v">5512.37</subfield>
    <subfield code="y">BK</subfield>
  </datafield>
  <datafield tag="952" ind1=" " ind2=" ">
    <subfield code="0">0</subfield>
    <subfield code="1">0</subfield>
    <subfield code="2">ddc</subfield>
    <subfield code="4">0</subfield>
    <subfield code="6">658_840000000000000_C7711</subfield>
    <subfield code="7">0</subfield>
    <subfield code="9">884</subfield>
    <subfield code="a">CL</subfield>
    <subfield code="b">CL</subfield>
    <subfield code="d">2019-09-16</subfield>
    <subfield code="e">Apex Book Services</subfield>
    <subfield code="g">5512.37</subfield>
    <subfield code="l">1</subfield>
    <subfield code="o">658.84 C7711</subfield>
    <subfield code="p">13388</subfield>
    <subfield code="q">2023-12-23</subfield>
    <subfield code="r">2023-06-26</subfield>
    <subfield code="s">2023-06-26</subfield>
    <subfield code="v">5512.37</subfield>
    <subfield code="y">BK</subfield>
  </datafield>
  <datafield tag="952" ind1=" " ind2=" ">
    <subfield code="0">0</subfield>
    <subfield code="1">0</subfield>
    <subfield code="2">ddc</subfield>
    <subfield code="4">0</subfield>
    <subfield code="6">658_840000000000000_C7711</subfield>
    <subfield code="7">0</subfield>
    <subfield code="9">885</subfield>
    <subfield code="a">CL</subfield>
    <subfield code="b">CL</subfield>
    <subfield code="d">2019-09-16</subfield>
    <subfield code="e">Apex Book Services</subfield>
    <subfield code="g">5512.37</subfield>
    <subfield code="l">3</subfield>
    <subfield code="m">2</subfield>
    <subfield code="o">658.84 C7711</subfield>
    <subfield code="p">13389</subfield>
    <subfield code="r">2024-02-13</subfield>
    <subfield code="s">2024-01-22</subfield>
    <subfield code="v">5512.37</subfield>
    <subfield code="y">BK</subfield>
  </datafield>
</record>
